000
00283nam a22001337a 4500
020
_a
81-7167-942-0
082
_a
821
_b
CHA/T
100
_a
HARINDRANATH CHATTOPADHYAYA
245
_a
TUKARAM
260
_a
NEW DELHI
_b
RUPA.CO
300
_a
72
650
_a
POEM
_z
NEW DELHI
942
_c
BK
999
_c
3967
_d
3967